00468nam a2200169Ia 450000500170000000800410001704000190005804100120007708200130008910000170010224500300011926000340014930000270018350400500021065000280026085000100028820230712092632.0131103s9999 xx 000 0 und d aLoreto College aEnglish a973bGUN aGunther,John aInside USAcJohn Gunther  aLondonbHamish Hamiltonc1947 axvi,979 p.b ill.,maps aIncludes bibliographical references and index aUnited States - History aLCLIB